| 000 | 00387 a2200109 4500 | ||
|---|---|---|---|
| 001 | ART_35061 | ||
| 005 | 20260410162005.0 | ||
| 008 | 260409a | ||
| 245 | 1 | 0 | _aBreve análisis de los efectos de la ley con relación al tiempo en el Código Civil y Comercial |
| 100 | 1 | _aParrilli, Ernesto N. | |
| 773 | 0 |
_tTemas de derecho civil _g- Año 1, Nº 1 (oct. 2015) _wREV34778 |
|
| 999 |
_c31606 _d31606 |
||